000
00273nam a2200109 4500
082
0
_a
225.5
242
0
0
_a
Genesis and the New Testament in the Murle language of Sudan
245
1
1
_a
Zɔɔz o joowo
260
_b
The Bible League
_c
c.1996
300
_a
730 p.
942
_2
ddc
_c
BK
999
_c
64594
_d
64568